[Event "It (cat.11)"]
[Site "masterchessopen.com Wijk aan Zee (Netherlands)"]
[Round "7"]
[White "Karjakin Sergey (UKR)"]
[Black "Nijboer Friso (NED)"]
[Result "1-0"]
[WhiteElo "2576"]
[BlackElo "2567"]

{ Nijboer Friso (NED) +3 =3 -2 } 1.e4 c5 2.Nf3 Nc6 3.d4 cxd4 4.Nxd4 Nf6 5.Nc3
d6 6.Bg5 e6 7.Qd2 a6 8.O-O-O Bd7 9.f4 h6 10.Bh4 g5 ( 10...b5 11.Bxf6 gxf6
12.Kb1 Qb6 13.f5 Rc8 { +0.00 CAP } ) 11.fxg5 Ng4 12.Be2 Nge5 13.Nf3 ( 13.Nxc6
Bxc6 14.g3 Ng6 15.Rhf1 Be7 16.gxh6 Nxh4 17.gxh4 Bf8 18.Qd4 Rh7 19.Nd5 Bxh6+
20.Kb1 Bg7 21.Nf6+ Bxf6 22.Rxf6 Qc7 23.e5 d5 24.h5 O-O-O 25.h6 Rdh8 26.Qf4 Bb5
27.Bh5 Be8 28.Be2 Bb5 29.Bg4 Be8 30.Rxd5 Qc6 31.Rd3 Qh1+ 32.Rd1 Qc6 { ...1-0,
Wahls Matthias 2550 - Anka Emil 2410 , Berlin 1995 It (open) "Berlin Summer" }
) 13...Be7 14.Rhg1 b5 ( 14...Rg8 15.Bg3 hxg5 16.Nxe5 Nxe5 17.Bxe5 dxe5 18.Bh5
Rh8 19.Bxf7+ Kxf7 20.Qxd7 Qxd7 21.Rxd7 b5 22.h3 Rh4 23.a3 Rf4 24.g3 Rf3 25.Rd3
Rxd3 26.cxd3 Kg6 27.Kd2 Bc5 28.Rg2 Rh8 29.Rh2 g4 30.h4 Kh5 31.Ne2 Rf8 32.Rg2
Rf3 33.Kc3 Bf2 34.Kd2 { ...1/2-1/2, Ziatdinov Raset 2410 - Vydeslaver Alik
2350 , Amsterdam 1994 Ch Netherlands (open) } ) 15.Rdf1 { ?/= +0.64 CAP } (
15.Kb1 Rb8 16.b3 Rc8 17.Rdf1 Ng6 18.Bg3 Qa5 19.Nd1 Qxd2 20.Nxd2 hxg5 21.Ne3
Nd4 22.Bd1 Nf4 23.Re1 Bf6 24.Ng4 Bg7 25.e5 Nf5 26.Ne4 dxe5 27.Ngf6+ Ke7
28.Nxd7 Kxd7 29.Nxg5 Nxg3 30.hxg3 Nd5 31.Nxf7 Rhf8 32.Nxe5+ Kd6 33.Nd3 Nc3+
34.Kc1 Nxa2+ { ...1-0, Tiviakov Sergei 2628 - Nijboer Friso 2567 , Leeuwarden
2002 Ch Netherlands } ) 15...Rb8 { N } ( 15...b4 16.Nd1 Rb8 ( 16...a5 17.Kb1 {
+0,73 CAP } ( 17.Bb5 Rc8 18.Kb1 Qb6 19.Nxe5 Nxe5 20.Bxd7+ Kxd7 21.Bf2 Qc6
22.Bd4 Bxg5 23.Qe2 Ke7 24.Bxe5 dxe5 25.Nf2 Qc4 26.Nd3 f5 { ...0-1, Palac
Mladen(2560) - Kozul Zdenko(2570), Pula 1998 Cup Croatia } ) 17...Rb8 { N } (
17...a4 18.Nxe5 ( 18.Bb5 Ra5 19.Bxc6 Bxc6 20.Qxb4 hxg5 21.Bxg5 Bxg5 22.Nxg5
Rb5 23.Qd2 Nc4 24.Qc3 Qxg5 25.Qxc4 Qc5 26.Qc3 Qxc3 27.Nxc3 { ...1-0, Krakops
Maris(2530) - Van Der Wiel John T H(2525), Pula 1997 Ch Europe (team) } )
18...Nxe5 19.Qxb4 hxg5 20.Bg3 Rb8 21.Qd4 O-O 22.Rh1 Qc7 23.h4 g4 24.Qd2 Bc6
25.Bd3 { 1/2-1/2, Sax Gyula(2525) - Kozul Zdenko(2570), Sarajevo 1998 It } )
18.Nf2 { } ( 18.Bg3 { !? } 18...hxg5 19.Ne3 Qb6 20.Rf2 { } ) 18...a4 { } (
18...Nxf3 { !? } 19.gxf3 e5 20.Ng4 hxg5 { } ) 19.Nd3 Nc4 20.Qc1 Qa5 21.g6 { }
( 21.Bd1 { !? } 21...N6e5 22.Ndxe5 dxe5 23.Bg3 { } ) 21...fxg6 22.Bxe7 { } (
22.Be1 { !? } 22...Qb5 23.Nf4 Rg8 24.Nd3 { } ) 22...Kxe7 23.Qe1 { } ( 23.g4 {
!? } 23...N6e5 24.Ndxe5 Nxe5 25.g5 { } ) 23...g5 24.Nf4 N4e5 25.Qg3 { ? } (
25.Nd3 { ! } 25...Nxd3 26.Bxd3 a3 27.b3 { } ) 25...Rhg8 { ? } ( 25...b3 { ! }
26.cxb3 axb3 27.a3 gxf4 { } ) 26.Qh3 { ? } ( 26.Nd3 { ! } 26...b3 27.Nfxe5
bxc2+ 28.Kxc2 { } ) 26...Nxf3 27.Qxh6 gxf4 28.gxf3 Rxg1 29.Rxg1 Kd8 30.Qxf4
Kc7 31.Rg5 { } ( 31.h4 { !? } 31...Qc5 32.Qg5 Nd4 33.Qxc5+ { } ) 31...e5
32.Qd2 Qc5 33.f4 Qd4 { 0-1, Frolyanov Dmitry 2448 - Andreev Eduard 2471 ,
Krasnodar 2002 It (cat.9) } ) ( 16...Rb8 17.Kb1 a5 18.Nf2 a4 19.Nd3 Nc4 20.Qc1
e5 21.g3 hxg5 22.Bxg5 f6 23.Bh6 Be6 24.Nf2 Na3+ 25.Ka1 Qc7 26.bxa3 {
...1/2-1/2, Solleveld Maarten(2413) - Nijboer Friso(2565), Amsterdam 2001 It
(open) "Lost Boys" } ) 17.Kb1 a5 18.Nf2 a4 19.Nd3 Nc4 20.Qc1 e5 21.g3 hxg5
22.Bxg5 f6 23.Bh6 Be6 24.Nf2 Na3+ 25.Ka1 Qc7 26.bxa3 Rxh6 27.c3 b3 28.axb3
Rxb3 29.Nd1 d5 30.Qxh6 Qb6 31.Nb2 Rxb2 32.Rb1 Bxa3 33.Qxf6 Ne7 34.Ng5 Qb3 {
1/2-1/2, Solleveld Maarten 2413 - Nijboer Friso 2565 , Amsterdam 2001 It
(open) "Lost Boys" } ) ( 15...Rc8 16.Kb1 Ng6 ( 16...b4 17.Nd1 a5 18.b3 a4
19.Nb2 axb3 20.cxb3 Ra8 21.Nc4 Nxc4 22.Bxc4 hxg5 23.Bxg5 Bxg5 24.Nxg5 Ne5
25.Qf4 Qa5 26.Rf2 Rf8 27.Bxe6 f6 28.Bxd7+ Nxd7 29.Ne6 { 1-0, Tella Jussi 2426
- Pulkkinen Kari 2319 , Finland 2001 Ch Finland (team) 2001/02 } ) 17.Bg3 hxg5
18.Bxd6 g4 19.Bxe7 Qxe7 20.Ne1 Nce5 21.h3 gxh3 22.gxh3 Rxh3 23.Nf3 Nxf3
24.Rxf3 Rxf3 25.Bxf3 Rc5 26.Ne2 Qf6 27.Qe3 { 1/2-1/2, Bokros Albert 2479 -
Langheinrich Ferenc 2384 , Balatonlelle 2000 Ch Europe (team) (juniors) (under
18) } ) ( 15...Qc7 16.Kb1 O-O-O 17.g3 h5 18.Nxe5 Nxe5 19.g6 Bxh4 20.g7 Be7
21.gxh8=Q Rxh8 22.Nd1 Bc6 23.Nf2 Qb7 24.Nd3 f6 25.Nf4 Bxe4 26.Nxe6 d5 27.Nd4
Qb6 28.Nb3 f5 29.Bd3 Bf6 30.Bxe4 dxe4 31.Qc3+ Nc4 32.Qb4 Bxb2 33.Nd2 Nxd2+
34.Qxd2 Bd4 35.Rg2 { ...1/2-1/2, Toth Andras 2165 - Molnar Bela 2340 ,
Hajduboszormeny 1995 It (open) } ) ( 15...Rg8 16.Bg3 b4 17.Nd1 Nxf3 18.gxf3
Bxg5 19.f4 Be7 20.Bh4 Rh8 21.Bxe7 Kxe7 22.Ne3 Qc7 23.Rd1 Rad8 24.Qe1 Be8
25.Nc4 Rh7 26.Qg3 f6 27.Qg8 Rf7 28.Bh5 d5 29.exd5 Qxf4+ 30.Kb1 Qxc4 31.dxe6
Rxd1+ 32.Rxd1 b3 33.Rd7+ Bxd7 34.Qxf7+ Kd6 35.Qxd7+ { ...1-0, Lutz Christopher
2565 - Zeller Frank 2410 , Dudweiler 1996 Ch Germany } ) ( 15...Ng6 16.g3 h5
17.Nd1 Qa5 18.Qxa5 Nxa5 19.Ne3 Rc8 20.Ng2 Bc6 21.Bd3 d5 22.exd5 Bxd5 23.Nf4
Nxf4 24.gxf4 Bxa2 25.g6 f5 26.Re1 Bxh4 27.Nxh4 Kd8 28.Nf3 Bd5 29.Ne5 Rg8
30.Rg5 h4 31.Rh5 Nb3+ 32.Kb1 Nd2+ 33.Kc1 Nf3 34.Nxf3 Bxf3 35.Rh6 { ...0-1,
Ludwig Kristin 2040 - Langheinrich Ferenc 2245 , Germany 1998 Oberliga East
1998/99 (a) } ) ( 15...Rc8 16.Kb1 Ng6 17.Bg3 hxg5 18.Bxd6 g4 19.Bxe7 Qxe7
20.Ne1 Nce5 21.h3 gxh3 22.gxh3 Rxh3 23.Nf3 Nxf3 24.Rxf3 Rxf3 25.Bxf3 {
...1/2-1/2, Bokros Albert(2479) - Langheinrich Ferenc(2384), Balatonlelle 2000
Ch Europe (team) (juniors) (under 18) } ) ( 15...Rg8 16.Bg3 b4 17.Nd1 Nxf3
18.gxf3 Bxg5 19.f4 Be7 20.Bh4 Rh8 21.Bxe7 Kxe7 22.Ne3 Qc7 23.Rd1 Rad8 24.Qe1
Be8 25.Nc4 { ...1-0, Lutz Christopher(2565) - Zeller Frank(2410), Dudweiler
1996 Ch Germany } ) 16.Nd1 { } ( 16.Kb1 { !? } 16...Bc8 17.a3 Bb7 18.Nxe5 { }
) 16...a5 { } ( 16...Nxf3 { !? } 17.gxf3 Rc8 18.Bg3 hxg5 { } ) 17.Kb1 b4 18.b3
{ N } ( 18.Nf2 a4 19.Nd3 Nc4 20.Qc1 e5 21.g3 hxg5 22.Bxg5 f6 23.Bh6 Be6 24.Nf2
Na3+ 25.Ka1 Qc7 26.bxa3 Rxh6 27.c3 b3 28.axb3 Rxb3 29.Nd1 d5 30.Qxh6 Qb6
31.Nb2 Rxb2 32.Rb1 Bxa3 33.Qxf6 Ne7 34.Ng5 Qb3 { 1/2-1/2, Solleveld Maarten
2413 - Nijboer Friso 2565 , Amsterdam 2001 It (open) "Lost Boys" } ) 18...a4
19.Nb2 axb3 20.cxb3 Qa5 { } ( 20...Ra8 { !? } 21.Nc4 Nxc4 22.Bxc4 Ne5 { } )
21.g6 { } ( 21.gxh6 { !? } 21...Ra8 22.Nc4 Nxc4 23.Bxc4 { } ) 21...fxg6
22.Bxe7 Kxe7 23.Rd1 Qc7 24.Nc4 Nxc4 25.Bxc4 Na5 26.e5 d5 { } ( 26...Nxc4 { !?
} 27.bxc4 dxe5 28.Nxe5 Be8 { } ) 27.Bd3 Qc3 { ?? } ( 27...g5 28.Rc1 Qa7
29.Rgf1 Rhg8 { } ) 28.Qf4 { } {#r} 1-0

[Event "It (open)"]
[Site "masterchessopen.com Windesheim (Netherlands)"]
[Round "1"]
[White "Beeke Bobby (NED)"]
[Black "Shchekachev Andrei (FRA)"]
[Result "0-1"]
[WhiteElo "2190"]
[BlackElo "2546"]

1.e4 c5 2.Nf3 d6 3.d4 Nf6 4.Nc3 cxd4 5.Nxd4 Nc6 6.Bg5 a6 7.Qd2 e6 8.O-O-O Bd7
9.f4 b5 10.Qe3 h6 11.Bh4 g5 12.Nxc6 Bxc6 13.fxg5 Ng4 14.Qf4 Ne5 15.gxh6 Bxh6
16.Qxh6 Rxh6 17.Bxd8 Rxd8 18.Re1 Ke7 19.Nd1 Rdh8 20.h3 Rf6 21.Bd3 Rg8 22.g4
Rh8 23.Ne3 Rfh6 24.a4 bxa4 25.Nc4 Nxg4 {#R} 0-1

[Event "It (open)"]
[Site "masterchessopen.com Schwabisch Gmund (Germany)"]
[Date "2003.01.05"]
[Round "9"]
[White "Kveinys Aloyzas (LTU)"]
[Black "Gaponenko Inna (UKR)"]
[Result "1-0"]
[WhiteElo "2531"]
[BlackElo "2445"]

1.e4 c5 2.Nf3 Nc6 3.d4 cxd4 4.Nxd4 Nf6 5.Nc3 d6 6.Bg5 e6 7.Qd2 a6 8.O-O-O Bd7
9.f4 b5 10.Bxf6 gxf6 11.Nxc6 Bxc6 12.Qe1 Be7 13.Bd3 Qb6 14.Qg3 Kf8 15.Rhf1 b4
16.Nb1 a5 17.Qh3 h5 18.g4 h4 19.g5 fxg5 20.f5 e5 21.f6 Bd8 22.Qg4 Rg8 23.Bc4
Bb5 24.Nd2 a4 25.Rf5 d5 26.Bxb5 Qxb5 27.Rxg5 Rxg5 28.Qxg5 b3 29.axb3 {#r} 1-0

[Event "Ch Hungary (team) 2002/03"]
[Site "masterchessopen.com Hungary"]
[Date "2003.02.16"]
[Round "7"]
[White "Vereb Gabor (HUN)"]
[Black "Dembo Yelena (GRE)"]
[Result "0-1"]
[WhiteElo "2168"]
[BlackElo "2396"]

1.e4 c5 2.Nf3 Nc6 3.d4 cxd4 4.Nxd4 Nf6 5.Nc3 d6 6.Bg5 e6 7.Qd2 a6 8.O-O-O Bd7
9.f4 h6 10.Bxf6 Qxf6 11.Nf3 Qd8 12.Be2 b5 13.Rhf1 b4 14.Nb1 Qa5 15.Bc4 Qc5
16.Be2 Be7 17.h4 a5 18.g4 a4 19.e5 b3 20.axb3 Nb4 21.c3 Na2+ 22.Kc2 axb3+
23.Kxb3 Ba4+ 24.Kxa2 Bxd1+ 25.Na3 Bxe2 26.Qxe2 dxe5 27.Nxe5 O-O {#R} 0-1

[Event "Ch Hungary (team) 2002/03"]
[Site "masterchessopen.com Hungary"]
[Date "2003.04.13"]
[Round "11"]
[White "Antal Gergely (HUN)"]
[Black "Anka Emil (HUN)"]
[Result "1-0"]
[WhiteElo "2450"]
[BlackElo "2435"]

1.e4 c5 2.Nf3 Nc6 3.d4 cxd4 4.Nxd4 Nf6 5.Nc3 d6 6.Bg5 e6 7.Qd2 a6 8.O-O-O Bd7
9.f4 b5 10.Bxf6 gxf6 11.Kb1 Qb6 12.Nxc6 Bxc6 13.Qe1 Be7 14.Bd3 h5 15.Rf1 a5
16.Rf3 b4 17.Ne2 f5 18.exf5 Bxf3 19.gxf3 Qe3 20.fxe6 Qxe6 21.Be4 Rc8 22.Nd4
Qf6 23.Nc6 Kf8 24.Qe3 d5 25.Nxe7 Qxe7 26.Rxd5 Rg8 27.Rxa5 Rd8 28.a3 Rd1+
29.Ka2 Rgg1 30.Qb6 Rd6 31.Qxg1 {#r} 1-0

[Event "It (open)"]
[Site "masterchessopen.com Neuchatel (Switzerland)"]
[Round "0"]
[White "Gsponer Andre"]
[Black "Tukmakov Vladimir B (UKR)"]
[Result "0-1"]
[WhiteElo "1870"]
[BlackElo "2564"]

1.e4 c5 2.Nf3 d6 3.d4 cxd4 4.Nxd4 Nf6 5.Nc3 Nc6 6.Bg5 e6 7.Qd2 a6 8.O-O-O Bd7
9.f4 b5 10.Nxc6 Bxc6 11.Qe1 Be7 12.e5 Nd5 13.Bxe7 Qxe7 14.exd6 Qxd6 15.Nxd5
Bxd5 16.Qg3 O-O 17.Bd3 Rac8 18.h4 Rc5 19.h5 h6 20.Qe3 Rfc8 21.g4 Qc7 22.Rh2
Qa5 23.g5 Qxa2 24.gxh6 Qa1+ 25.Kd2 Qxb2 26.Rc1 gxh6 27.Qg3+ Qg7 28.Qxg7+ Kxg7
{#R} 0-1

[Event "It (open) (b)"]
[Site "masterchessopen.com Vienna (Austria)"]
[Date "2003.08.19"]
[Round "4"]
[White "Biolek Richard (CZE)"]
[Black "Kassel Walter (AUT)"]
[Result "1-0"]
[WhiteElo "2451"]
[BlackElo "1950"]

1.e4 c5 2.Nf3 d6 3.d4 cxd4 4.Nxd4 Nf6 5.Nc3 Nc6 6.Bg5 e6 7.Qd2 Bd7 8.O-O-O a6
9.f4 h6 10.Bxf6 Qxf6 11.Nf3 O-O-O 12.Na4 Kc7 13.Qe3 g5 14.fxg5 hxg5 15.Kb1 g4
16.Qb6+ Kc8 17.Nd4 Nxd4 18.Rxd4 Rxh2 19.Rc4+ Kb8 20.Rc7 Bc6 21.Rxc6 Rxh1
22.Qc7+ Ka8 23.Rxa6+ {#r} 1-0

[Event "Memorial M.Najdorf (juniors) (under 20)"]
[Site "masterchessopen.com Buenos Aires (Argentina)"]
[Date "2003.10.03"]
[Round "3"]
[White "Vives Gabriel (ARG)"]
[Black "Real De Azua Ernesto (ARG)"]
[Result "0-1"]
[WhiteElo "2064"]
[BlackElo "2367"]

1.e4 c5 2.Nc3 Nc6 3.Nf3 d6 4.d4 cxd4 5.Nxd4 Nf6 6.Bg5 e6 7.Qd2 a6 8.O-O-O Bd7
9.Nb3 b5 10.Bd3 h6 11.Bf4 Be7 12.f3 Ne5 13.Qe2 Qc7 14.g4 Rb8 15.h4 b4 16.Nb1
a5 17.h5 a4 18.N3d2 Nxd3+ 19.Qxd3 Bb5 20.c4 bxc3 21.Qxc3 Qb7 22.Qa5 Ra8 23.Qb4
d5 24.Qd4 Rc8+ 25.Nc3 Bc5 26.Qe5 d4 {#R} 0-1

[Event "It (cat.19)"]
[Site "masterchessopen.com Wijk aan Zee (Netherlands)"]
[Date "2004.01.23"]
[Round "11"]
[White "Anand Viswanathan (IND)"]
[Black "Timman Jan H (NED)"]
[Result "1-0"]
[WhiteElo "2781"]
[BlackElo "2602"]

{ Anand Viswanathan (IND) +2 =0 -0 } 1.e4 { 1 } 1...c5 2.Nf3 d6 3.d4 cxd4
4.Nxd4 Nf6 5.Nc3 Nc6 6.Bg5 e6 7.Qd2 a6 8.O-O-O Bd7 9.f3 ( 9.f4 b5 10.Bxf6 gxf6
11.Nxc6 Bxc6 12.Qe1 Be7 13.Bd3 Qb6 14.Kb1 b4 15.Ne2 a5 16.f5 Qe3 17.fxe6 fxe6
18.Rf1 Qc5 19.Nf4 Bd7 20.Qe2 a4 21.Bc4 a3 22.Bxe6 Bb5 23.Nd3 axb2 24.Rf5 {
1-0, Anand Viswanathan 2555 - Ganesan Sankar 2270 , India 1988 Ch India } )
9...Be7 10.Be3 { ?/= } 10...Rc8 { N ^254 ^00 ^00 ^00 ^04 !? } ( 10...O-O 11.g4
b5 12.g5 Ne8 13.h4 Nxd4 14.Qxd4 Qa5 15.Kb1 b4 16.Ne2 Nc7 17.Qb6 Qxb6 18.Bxb6
Rfc8 19.Ba5 Rab8 20.Nc1 Bb5 21.Nb3 e5 22.Bxb5 Rxb5 23.Bxc7 Rxc7 24.Nd2 Rbc5
25.Rc1 g6 26.Nf1 d5 27.Ne3 d4 28.Nd5 Rb7 29.Rcd1 Kg7 30.f4 { ...1/2-1/2,
Zhigalko Andrey 2491 - Smirnov Valerij 2383 , Minsk 2003 Ch Belarus } ) (
10...h5 11.Kb1 Qc7 ( 11...b5 12.Nxc6 Bxc6 13.Ne2 e5 14.Nc3 Qc7 15.Bg5 b4
16.Nd5 Bxd5 17.exd5 Qb7 18.Bxf6 Bxf6 19.Bc4 a5 20.Qd3 Rb8 21.Bb3 g6 22.Ba4+
Kf8 23.Rhe1 Kg7 24.Re4 Rhc8 25.Rc4 Rxc4 26.Qxc4 Rc8 27.Bc6 { 1/2-1/2, Deepan
Chakkravarthy J 2297 - Alekseev Evgeny 2548 , Oropesa 2001 Ch World (juniors)
(under 16) } ) 12.Bd3 b5 13.f4 Nxd4 14.Bxd4 e5 15.Be3 Qb7 16.Rhe1 Bc6 17.Bg1
Rd8 18.h3 O-O 19.g4 b4 20.Nd5 Nxd5 21.exd5 Bxd5 22.fxe5 Bf3 23.Rc1 h4 24.e6
fxe6 25.Rxe6 Bf6 26.Bf5 Bd5 27.Re2 a5 28.Bd4 Bxa2+ 29.Ka1 Bc4 30.Bxf6 {
...0-1, Gross David 2425 - Langheinrich Ferenc 2325 , Germany 1999 Bundesliga
1998/99 } ) ( 10...Nxd4 11.Bxd4 Qc7 12.Kb1 O-O-O 13.Qf2 Rde8 14.Bb6 Qb8 15.Rd4
Bc6 16.Rc4 d5 17.exd5 exd5 18.Rd4 Qe5 19.Rd1 Bd8 20.Bd4 Qc7 21.g3 Kb8 22.Bg2
Ka8 23.Rhe1 Rxe1 24.Rxe1 Re8 25.Qd2 Rxe1+ 26.Qxe1 Qd7 27.Qd2 Ne8 28.a3 g6
29.f4 Bf6 30.Qe3 { ...1-0, Kummerow Heiko 2319 - Heinbuch Detlef 2394 ,
Germany 1999 Bundesliga 1999/00 } ) ( 10...b5 11.g4 Nxd4 12.Qxd4 e5 13.Qd2 b4
14.Nd5 Nxd5 15.exd5 a5 16.Kb1 O-O 17.Bd3 f5 18.gxf5 Bxf5 19.Be4 Qd7 20.Qg2
Rfc8 21.Rhg1 Bf6 22.h4 a4 23.Rc1 Rc4 24.h5 Kh8 25.h6 g6 26.Bg5 Bxg5 27.Qxg5
Rf8 28.Rce1 Kg8 29.Re2 Bxe4 30.fxe4 { ...1/2-1/2, Soltanici Ruslan 2197 -
Arutinian David 2318 , Litohoto 1999 Ch Europe (juniors) (under 16) } ) 11.g4
{ } 11...Na5 { N } ( 11...h6 12.h4 Nxd4 13.Qxd4 e5 14.Qd2 Qa5 15.Kb1 Be6
16.Rg1 Rxc3 17.Qxc3 Qxa2+ 18.Kc1 d5 19.Bc5 Bxc5 20.Qxc5 Qa1+ 21.Kd2 Qxb2
22.exd5 Nxd5 23.Bxa6 Nc7 24.Bd3 Qd4 25.Qxc7 Qf4+ 26.Ke2 Qh2+ 27.Kf1 Qh3+
28.Kf2 Qxh4+ 29.Kg2 { 1-0, Sutovsky Emil 2565 - Estremera Panos Sergio 2345 ,
Vendrell 1996 It (open) } ) ( 11...Ne5 12.g5 Nh5 13.Rg1 Qc7 14.f4 Nc4 15.Bxc4
Qxc4 16.Kb1 g6 17.f5 O-O 18.f6 Bd8 19.Nb3 Rc6 20.Qf2 d5 21.a4 e5 22.Rxd5 Rd6
23.Qf1 Qc8 24.Qd1 Bc7 25.Nc5 Rc6 26.Nxd7 Qxd7 27.Rg4 Rc8 28.Nb5 Bb8 29.c3 Qe6
30.b3 Nf4 31.Bxf4 { ...1-0, Spivak I 2379 - Aseev Konstantin N 2511 , Rostov
on Don 1993 It (swiss) } ) ( 11...Nxd4 12.Qxd4 e5 13.Qd2 Be6 14.g5 Nh5 15.Nd5
Bxd5 16.exd5 Qd7 17.h4 Qa4 18.Kb1 Bd8 19.Bh3 Ba5 20.c3 Rd8 21.Bg4 Nf4 22.b4
Bc7 23.Bxf4 exf4 24.Rhe1+ Kf8 25.Qxf4 Re8 26.h5 Re5 27.Qc4 Re7 28.Kb2 Qe8
29.Rxe7 Qxe7 30.Rd4 h6 31.g6 { ...1-0, Fedorchuk Sergey A 2553 - Bylino Oleg
2255 , Alushta 2002 Ch Ukraine } ) 12.Kb1 { } ( 12.g5 { !? } 12...Nh5 13.f4 b5
14.Rg1 { } ) 12...b5 13.Bd3 Nc4 14.Bxc4 Rxc4 { ?! } ( 14...bxc4 { !? } 15.g5
Nh5 16.Nde2 Rb8 { } ) 15.Nce2 O-O 16.g5 Ne8 17.h4 Qc8 { } ( 17...d5 { !? }
18.e5 Bb4 19.Qd3 Be7 { } ) 18.b3 { ?! } ( 18.h5 { !? } 18...e5 19.Nb3 f5 20.g6
{ } ) 18...Rc7 19.Nf4 Rc3 { } ( 19...a5 { !? } 20.h5 Bxg5 21.h6 g6 { } )
20.Rdg1 b4 { } ( 20...d5 { !? } 21.e5 Bb4 22.Qf2 Ba3 { } ) 21.h5 Nc7 22.g6 Bf6
{ ?? } ( { ? } 22...h6 23.Nfe2 Rxe3 24.Qxe3 e5 { } ) 23.h6 { ! } ( 23.gxh7+ {
?! } 23...Kxh7 24.Nfe2 Rc5 25.h6 { } ) 23...fxg6 24.hxg7 Rf7 25.Rxh7 { ! } (
25.Nxg6 { ?! } 25...Rxg7 26.Nf4 { } ) 25...Kxh7 26.Qh2+ Kxg7 27.Nxg6 Rxe3
28.Ne7+ Kf8 29.Nxc8 { } {#r} 1-0

[Event "It (open) \"]
[Site "masterchessopen.com Moscow (Russia)"]
[Date "2004.02.22"]
[Round "6"]
[White "Frolyanov Dmitry (RUS)"]
[Black "Kotsur Pavel (KAZ)"]
[Result "0-1"]
[WhiteElo "2489"]
[BlackElo "2598"]

1.e4 c5 2.Nf3 d6 3.d4 cxd4 4.Nxd4 Nf6 5.Nc3 Nc6 6.Bg5 e6 7.Qd2 a6 8.O-O-O Bd7
9.f4 b5 10.Bxf6 gxf6 11.Nxc6 Bxc6 12.Qe1 Ra7 13.Bd3 Qb6 14.Kb1 Qc5 15.f5 b4
16.Ne2 Bh6 17.fxe6 fxe6 18.Qh4 Bg5 19.Qg4 Re7 20.Nf4 f5 21.Qh5+ Kd8 22.exf5
Qd4 23.c3 bxc3 24.f6 Bxf6 25.Qa5+ Kd7 26.Bc2 Qxf4 27.Rhf1 Qe5 28.Qxa6 Rb8 {#R}
0-1

[Event "Ch Brazil"]
[Site "masterchessopen.com Rio de Janeiro (Brazil)"]
[Date "2004.02.28"]
[Round "4"]
[White "Van Riemsdijk Herman C (BRA)"]
[Black "Souza Neves Andrey M (BRA)"]
[Result "0-1"]
[WhiteElo "2423"]
[BlackElo "2200"]

1.e4 c5 2.Nf3 Nc6 3.d4 cxd4 4.Nxd4 Nf6 5.Nc3 d6 6.Bg5 e6 7.Qd2 a6 8.O-O-O Bd7
9.f4 b5 10.Nxc6 Bxc6 11.Bd3 Be7 12.e5 dxe5 13.fxe5 Nd5 14.Bxe7 Qxe7 15.Ne4 O-O
16.Rhf1 f5 17.exf6 Nxf6 18.Qg5 h6 19.Nxf6+ Rxf6 20.Qg4 Raf8 21.Rfe1 e5 22.Rd2
Qf7 23.Rxe5 Qxa2 24.c3 Qa1+ 25.Bb1 Be8 26.Rd1 Bg6 27.Re4 Rf2 {#R} 0-1

[Event "It (open) (c)"]
[Site "masterchessopen.com Aragon (Spain)"]
[Round "0"]
[White "Sanchez Martin Angel (ESP)"]
[Black "Baron Rodriguez Jorge (ESP)"]
[Result "0-1"]
[WhiteElo "2192"]
[BlackElo "2356"]

1.e4 c5 2.Nf3 Nc6 3.d4 cxd4 4.Nxd4 Nf6 5.Nc3 d6 6.Bg5 e6 7.Qd2 a6 8.O-O-O Bd7
9.Kb1 h6 10.Be3 Ng4 11.f4 Nxe3 12.Qxe3 Qb6 13.f5 Be7 14.fxe6 fxe6 15.Nf5 Qxe3
16.Nxe3 Ne5 17.Nc4 Nxc4 18.Bxc4 Rc8 19.Bb3 Rc5 20.Ne2 Re5 21.Nf4 Rxe4 22.Ng6
Rh7 23.c3 Ba4 24.Bxa4+ Rxa4 25.b4 a5 26.Rhf1 axb4 27.Rde1 e5 28.Nxe7 Kxe7 {#R}
0-1

[Event "It (cat.6)"]
[Site "masterchessopen.com Hamburg (Germany)"]
[Date "2004.03.08"]
[Round "1"]
[White "Schleicher Guido (GER)"]
[Black "Boidman Yuri (GER)"]
[Result "0-1"]
[WhiteElo "2216"]
[BlackElo "2404"]

1.e4 c5 2.Nf3 Nc6 3.d4 cxd4 4.Nxd4 Nf6 5.Nc3 d6 6.Bg5 e6 7.Qd2 a6 8.O-O-O Bd7
9.Be2 Be7 10.Bxf6 Bxf6 11.Nb3 Be7 12.f4 b5 13.Bf3 O-O 14.Kb1 b4 15.Ne2 a5
16.Nbd4 Qb6 17.Nxc6 Bxc6 18.Nd4 Bb7 19.g4 a4 20.f5 e5 21.f6 Bxf6 22.Nf5 b3
23.cxb3 axb3 24.a3 Rfc8 25.Rhf1 d5 26.g5 Rc2 27.Qe1 Qc5 {#R} 0-1

[Event "It (open)"]
[Site "masterchessopen.com Reykjavik (Iceland)"]
[Date "2004.03.10"]
[Round "4"]
[White "Kristjansson Stefan (ISL)"]
[Black "Steindorsson Sigurdur P (ISL)"]
[Result "1-0"]
[WhiteElo "2444"]
[BlackElo "2227"]

1.e4 c5 2.Nf3 d6 3.d4 cxd4 4.Nxd4 Nf6 5.Nc3 Nc6 6.Bg5 e6 7.Qd2 a6 8.O-O-O Bd7
9.f3 b5 10.Bxb5 axb5 11.Ndxb5 Qb8 12.Nxd6+ Bxd6 13.Qxd6 Ne5 14.Qxb8+ Rxb8
15.Bf4 {#r} 1-0

[Event "Bayern Regionalliga Northwest 2003/04"]
[Site "masterchessopen.com Bayern (Germany)"]
[Date "2004.03.28"]
[Round "8"]
[White "Braeutigam Thomas (GER)"]
[Black "Schindler Viktor (GER)"]
[Result "0-1"]
[WhiteElo "2174"]
[BlackElo "2107"]

1.e4 c5 2.Nf3 d6 3.d4 cxd4 4.Nxd4 Nf6 5.Nc3 Nc6 6.Bg5 e6 7.Qd2 a6 8.O-O-O Bd7
9.f4 b5 10.Nf3 b4 11.Nd5 exd5 12.e5 dxe5 13.Bxf6 gxf6 14.Qxd5 Qc7 15.fxe5 Be6
16.Qe4 f5 17.Qe3 Qa5 18.Rd6 Bxd6 19.exd6 Rd8 20.Bc4 Rxd6 21.Re1 Rg8 22.Qf4 Qc7
23.Qxf5 Ne7 24.Rxe6 fxe6 25.Qh5+ Ng6 26.Bb3 Qf7 27.Ba4+ Kf8 28.b3 Qf4+ 29.Kb2
Qf6+ {#R} 0-1

[Event "Ch Russia (juniors) (under 18)"]
[Site "masterchessopen.com Dagomys (Russia)"]
[Round "5"]
[White "Geller Jakov (RUS)"]
[Black "Kotov Viktor (RUS)"]
[Result "1-0"]
[WhiteElo "2489"]
[BlackElo "2313"]

1.e4 c5 2.Nf3 Nc6 3.d4 cxd4 4.Nxd4 Nf6 5.Nc3 d6 6.Bg5 e6 7.Qd2 a6 8.O-O-O Bd7
9.f4 b5 10.Bxf6 gxf6 11.Kb1 Qb6 12.Nxc6 Bxc6 13.f5 Qc5 14.Bd3 h5 15.Qe1 h4
16.fxe6 fxe6 17.Nd5 Bxd5 18.exd5 e5 19.Rf1 Rh6 20.Bf5 Be7 21.Rf3 b4 22.Re3 a5
23.Re4 Qc7 24.Rxh4 Bf8 25.Rdd4 Rxh4 26.Rxh4 Bg7 27.Be6 {#r} 1-0

[Event "Ch Yugoslavia (team)"]
[Site "masterchessopen.com Petrovac (Yugoslavia)"]
[Date "2004.05.21"]
[Round "6"]
[White "Solak Dragan (SRB)"]
[Black "Ivanisevic Ivan (SRB)"]
[Result "1-0"]
[WhiteElo "2563"]
[BlackElo "2533"]

1.e4 c5 2.Nf3 Nc6 3.d4 cxd4 4.Nxd4 Nf6 5.Nc3 d6 6.Bg5 e6 7.Qd2 a6 8.O-O-O Bd7
9.f4 b5 10.Nxc6 Bxc6 11.Bd3 Be7 12.e5 dxe5 13.fxe5 Nd7 14.Bxe7 Qxe7 15.Be4
Nxe5 16.Qf4 Bxe4 17.Qxe5 Bg6 18.Qxg7 Qg5+ 19.Rd2 Ke7 20.h4 Qe3 21.Rh3 Qg1+
22.Rd1 {#r} 1-0

[Event "It (blitz) (qual)"]
[Site "masterchessopen.com Internet"]
[Date "2004.06.01"]
[Round "1"]
[White "Shomoev Anton (RUS)"]
[Black "Fernandez John C (USA)"]
[Result "1-0"]
[WhiteElo "2486"]
[BlackElo "2163"]

1.e4 c5 2.Nf3 d6 3.d4 cxd4 4.Nxd4 Nf6 5.Nc3 Nc6 6.Bg5 e6 7.Qd2 a6 8.O-O-O Bd7
9.f3 Be7 10.Be3 Qc7 11.g4 h6 12.Kb1 Ne5 13.h4 O-O-O 14.Qf2 Kb8 15.Nb3 Nc4
16.Bxc4 Qxc4 17.Bb6 Rc8 18.Na5 Qb4 19.a3 Qxa3 20.bxa3 Rxc3 21.Rd3 {#r} 1-0

[Event "It (open)"]
[Site "masterchessopen.com Utrecht (Netherlands)"]
[Date "2004.06.04"]
[Round "1"]
[White "Bonte Holger (NED)"]
[Black "Van Eijk Sander (NED)"]
[Result "0-1"]
[WhiteElo "1924"]
[BlackElo "2203"]

1.e4 c5 2.Nf3 d6 3.d4 cxd4 4.Nxd4 Nf6 5.Nc3 Nc6 6.Bg5 e6 7.Qd2 a6 8.O-O-O Bd7
9.f4 b5 10.e5 dxe5 11.Nxc6 Bxc6 12.Qxd8+ Rxd8 13.Rxd8+ Kxd8 14.fxe5 h6 15.Bh4
g5 16.exf6 gxh4 17.Bd3 Bxg2 18.Rg1 h3 19.Ne4 Kc7 20.c3 h5 21.Kc2 Bh6 22.Re1
Bf4 23.Nf2 Rg8 24.Re2 {#R} 0-1